Odolnosť proti pretlačeniu lokálne podopretých dosiek stenovými stĺpmi a oslabených otvormi

Gespeichert in:
Bibliographische Detailangaben
1. Verfasser: Kormošová, Ľudmila (Verfasst von)
Weitere Verfasser: Halvonik, Jaroslav (Betreuung Doktorarbeit)
Format: Manuskript Buch
Sprache:Slowakisch
Veröffentlicht: 2022
Schlagworte:
Online-Zugang:http://is.stuba.sk/zp/portal_zp.pl?podrobnosti=152565
Tags: Tag hinzufügen
Keine Tags, Fügen Sie das erste Tag hinzu!

MARC

LEADER 00000ntm a22000003a 4500
001 stuzp71327
003 SK-STU
005 20220827210415.9
007 ta
008 150427s2015----xo-----f-mn---000-0-slo-d
040 |a STU  |b slo 
041 0 |a slo 
100 1 |a Kormošová, Ľudmila  |u 010110  |4 aut  |U SvF Stavebná fakulta  |T SvF Katedra betónových konštrukcií a mostov  |X 55138  |U V110  |Y 11  |7 55138 
242 0 1 |a Punching resistance of flat slabs supported by elongated columns and weakened by openings  |y eng 
245 1 0 |a Odolnosť proti pretlačeniu lokálne podopretých dosiek stenovými stĺpmi a oslabených otvormi 
260 |c 2022 
650 4 |a otvory  |2 slo 
650 4 |a stenový stĺp  |2 slo 
650 4 |a šmyková odolnosť  |2 slo 
650 4 |a nelineárna analýza  |2 slo 
650 4 |a lokálne podopreté dosky  |2 slo 
650 4 |a pretlačenie  |2 slo 
650 4 |a punching  |2 eng 
650 4 |a elongated column  |2 eng 
650 4 |a nonlinear analysis  |2 eng 
650 4 |a flat slabs  |2 eng 
650 4 |a openings  |2 eng 
650 4 |a shear resistance  |2 eng 
700 1 |a Halvonik, Jaroslav  |u 010110  |k Z1  |4 ths  |U SvF Stavebná fakulta  |T SvF Katedra betónových konštrukcií a mostov  |X 2749  |U V110  |Y 11  |7 A000002749 
856 4 |u http://is.stuba.sk/zp/portal_zp.pl?podrobnosti=152565